• 首页
  • 本馆介绍
  • 公告通知
  • 最新文献
  • 馆藏检索
  • 电子资源
  • 读者导购
  • 参考咨询
  • 我的图书馆
  • 登录
  • 详细信息显示
  • 放入我的书架
  • 预约/预借图书
  • 作者相关作品
  • 分类相关作品
  • 丛书相关作品
  • 出版社相关作品

书目信息

  • 表格格式
  • 工作单格式
  • 卡片格式
题名:
农业标准化导论
    
 
作者: 李鑫 , 刘光哲 著
分册:  
出版信息: 北京   科学出版社  2016.03
页数: 484页
开本: 26cm
丛书名:
单 册:
中图分类: S-65
科图分类:
主题词: 农业--标准化--研究--中国
电子资源:
ISBN: 978-7-03-047311-0
000 01047nam0 2200253 450
001 682
005 20180924095406.26
010    @a978-7-03-047311-0@dCNY168.00
100    @a20160331d2016 em y0chiy0110 ea
101 0  @achi
102    @aCN@b110000
105    @aa z 000yy
200 1  @a农业标准化导论@9nong ye biao zhun hua dao lun@b专著@f李鑫,刘光哲著
210    @a北京@c科学出版社@d2016.03
215    @a484页@c图@d26cm
312    @a封面英文题名:Introduction to agricultural standardization
330    @a本书阐述了我国农业标准化基本理论与方法。全书分为十五章,从标准化学科开始,深入到农业标准化学科的结构、原理与方法,剖析了农业标准的本质及其研制所具备的条件,再到农业标准的应用与农业标准化的保障、农产品质量安全以及认证认可的标准支持,架构出较为完整的农业标准化学科理论体系。
510 1  @aIntroduction to agricultural standardization@zeng
606 0  @a农业@x标准化@x研究@y中国
690    @aS-65@v5
701  0 @a李鑫@9li xin@4著
701  0 @a刘光哲@9liu guang zhe@4著
801  0 @aCN@b91MARC@c20160516
905    @aMuseLib@dS-65@e164
    
    农业标准化导论/李鑫,刘光哲著.-北京:科学出版社,2016.03
    484页:图;26cm
    
    
    ISBN 978-7-03-047311-0:CNY168.00
    本书阐述了我国农业标准化基本理论与方法。全书分为十五章,从标准化学科开始,深入到农业标准化学科的结构、原理与方法,剖析了农业标准的本质及其研制所具备的条件,再到农业标准的应用与农业标准化的保障、农产品质量安全以及认证认可的标准支持,架构出较为完整的农业标准化学科理论体系。
●
相关链接 在E读中查询图书 在五车中查询图书 在当当中查询图书 在豆瓣中查询图书


正题名:农业标准化导论     索取号:S-65/164         预约/预借

序号 登录号 条形码 馆藏地/架位号 状态 备注
1 1120152   211201527   第二样本阅览室/ [索取号:S-65/164] 在馆    
2 1120153   211201536   第三借阅区/ [索取号:S-65/164] 在馆    
唐山师范学院图书馆 欢迎您!
大连网信软件有限公司© 版权所有